000 01485nam a2200349 a 4500
001 ebr10674814
003 CaPaEBR
006 m o u
007 cr cn|||||||||
008 150303s2013 gw a sb 001 0 eng d
020 _z9783527329878
020 _z9783527668496 (e-book)
040 _aCaPaEBR
_cCaPaEBR
035 _a(OCoLC)829265915
050 1 4 _aTD430
_b.F863 2013eb
082 0 4 _a628.166
_223
245 0 0 _aFunctional nanostructured materials and membranes for water treatment
_h[electronic resource] /
_cedited by Mikel Duke, Dongyuan Zhao, and Raphael Semiat.
260 _aWeinheim an der Bergstrasse, Germany :
_bWiley-VCH Verlag GmbH,
_cc2013.
300 _a1 online resource (xxvii, 319 p.) :
_bill.
504 _aIncludes bibliographical references and index.
533 _aElectronic reproduction.
_bPalo Alto, Calif. :
_cebrary,
_d2015.
_nAvailable via World Wide Web.
_nAccess may be limited to ebrary affiliated libraries.
588 _aDescription based on online resource; title from title page (ebrary, viewed May 8, 2013).
650 0 _aWater
_xPurification.
650 0 _aWater
_xPurification
_xMembrane filtration.
650 0 _aNanotechnology.
655 7 _aElectronic books.
_2local
700 1 _aDuke, Mikel.
700 1 _aZhao, Dongyuan.
700 1 _aSemiat, Raphael.
710 2 _aebrary, Inc.
856 4 0 _uhttp://site.ebrary.com/lib/rucke/Doc?id=10674814
_zAn electronic book accessible through the World Wide Web; click to view
999 _c57261
_d57261